00581cam a2200193 a 4500020001500000082001900015100001900034245003200053260004700085300001800132520003200150650001000182650001200192700001900204700002100223942000700244952011900251999001700370 a8187358157 a301.45297bAHM aAhmad, Imtiyaz00aLived Islam in South Asia : aNew Delhi :bSocial Science Press,cc2004. axxv, 308 p. ; aContributed seminar papers. 0aIslam 0aMuslims1 aAhmad, Imtiaz,1 aReifeld, Helmut. cBK 00104070aHMIbHMIcGENd2022-10-22eDirectorl1o301.45297 AHMp11-4639r2025-07-14s2025-07-14w2023-01-05yBK c23301d23301